| 000 | 00742 a2200253 4500 | ||
|---|---|---|---|
| 001 | 200129648 | ||
| 999 |
_c200129648 _d31364 |
||
| 003 | TR-AnTOB | ||
| 005 | 20211012144021.0 | ||
| 008 | 130603b tu 000 0 | ||
| 040 | _aTR-AnTOB | ||
| 050 | 0 | 0 |
_aBF637.C5 _bY38 2000 |
| 090 | _aBF637.C5 Y38 2000 | ||
| 245 | 1 | 0 | _aİnsanı yönlendiren evrensel doğrular. |
| 246 | 1 | _aİnsan ve dünyası nedir sorusuna yanıt | |
| 300 |
_a125 p., _c13 cm |
||
| 500 | _aAt head of title : İnsan ve dünyası nedir sorusuna yanıt. | ||
| 942 | _cBK | ||
| 041 | _atur | ||
| 100 | 1 |
_aYavuzcan, Mehmet Güngör _990164 |
|
| 264 | 1 |
_aAnkara : _bAnkara Üniversitesi Basımevi, _c2000. |
|
| 650 | 0 |
_aConduct of life _918649 |
|
| 650 | 0 | 0 |
_aYaşam biçimi _9125365 |